000 00830nmm a2200301 a 4500
003 AR-BaBNM
005 20251128211635.0
008 235020s2004 ||||||||||||||000 | spa||
020 _a987-544-114-7
040 _cAR-BaBNM
245 1 0 _aPrácticas de sociabilidad en un escenario argentino
_bMar del Plata 1870-1970
250 _a1ª ed.
260 _aBuenos Aires
_bUniversidad Nacional de Mar del Plata
_c2004
300 0 _a161 p.
650 4 _aHISTORIA ARGENTINA
650 4 _aSOCIOLOGIA CULTURAL
650 4 _aFAMILIA
650 4 _aIGLESIA
650 4 _aESCLAVITUD
650 4 _aANTROPOLOGIA CULTURAL Y SOCIAL
650 4 _aVIDA SOCIAL
650 4 _aVIDA COTIDIANA
650 4 _aCOSTUMBRES Y TRADICIONES
653 _aPAGANISMO
700 1 _aZuppa, Graciela
_eeditor
942 _cBK
998 _cmariana
999 _c20552
_d20552